| Tag |
First Indicator |
Second Indicator |
Subfields |
| LEADER |
00000nam a2200000 i 4500 |
| 001 |
in00004598521 |
| 003 |
OCoLC |
| 005 |
20220727152858.5 |
| 006 |
m o d |
| 007 |
cr cnu---unuuu |
| 008 |
220428t20222022nyua ob 001 0 eng |
| 010 |
|
|
|a 2022016542
|
| 024 |
8 |
|
|a 99991869980
|
| 040 |
|
|
|a DLC
|b eng
|e rda
|c DLC
|d OCLCF
|d YDX
|
| 020 |
|
|
|a 9781800735965
|q electronic book
|
| 020 |
|
|
|a 1800735960
|q electronic book
|
| 020 |
|
|
|z 9781800735958
|q hardcover
|
| 035 |
|
|
|a (OCoLC)1314633430
|
| 042 |
|
|
|a pcc
|
| 043 |
|
|
|a e-gx---
|a e-ge---
|
| 050 |
|
4 |
|a DD281.6
|b .J66 2022
|
| 082 |
0 |
0 |
|a 943.00072
|2 23/eng/20220506
|
| 100 |
1 |
|
|a Jones, Sara,
|d 1980-
|e author.
|
| 245 |
1 |
0 |
|a Towards a collaborative memory :
|b German memory work in a transnational context /
|c Sara Jones.
|
| 246 |
3 |
0 |
|a German memory work in a transnational context
|
| 264 |
|
1 |
|a New York :
|b Berghahn Books,
|c 2022.
|
| 264 |
|
4 |
|c ©2022
|
| 300 |
|
|
|a 1 online resource ( xiii, 240 pages) :
|b illustrations.
|
| 336 |
|
|
|a text
|b txt
|2 rdacontent
|
| 337 |
|
|
|a computer
|b c
|2 rdamedia
|
| 338 |
|
|
|a online resource
|b cr
|2 rdacarrier
|
| 490 |
1 |
|
|a Worlds of memory ;
|v volume 9
|
| 504 |
|
|
|a Includes bibliographical references and index.
|
| 588 |
|
|
|a Description based on online resource; title from digital title page (viewed on July 27, 2022).
|
| 610 |
1 |
0 |
|a Germany.
|b Bundesbeauftragter für die Unterlagen des Staatssicherheitsdienstes der Ehemaligen Deutschen Demokratischen Republik.
|
| 610 |
2 |
0 |
|a Stiftung Gedenkstätte Berlin-Hohenschönhausen.
|
| 610 |
2 |
0 |
|a Stiftung zur Aufarbeitung der SED-Diktatur (Germany)
|
| 650 |
|
0 |
|a Historical museums
|x Political aspects
|z Germany (East)
|x History.
|
| 650 |
|
0 |
|a Historiography
|x Political aspects
|z Germany.
|
| 650 |
|
0 |
|a Memorialization
|x Political aspects
|z Germany.
|
| 650 |
|
0 |
|a Collective memory
|z Germany
|x Poltical aspects.
|
| 650 |
|
0 |
|a Memorialization
|x International cooperation.
|
| 651 |
|
0 |
|a Germany (East)
|x Historiography.
|
| 651 |
|
0 |
|a Germany (East)
|x Public opinion, Foreign.
|
| 610 |
1 |
7 |
|a Germany.
|b Bundesbeauftragter für die Unterlagen des Staatssicherheitsdienstes der Ehemaligen Deutschen Demokratischen Republik.
|2 fast
|0 (OCoLC)fst00709124
|
| 610 |
2 |
7 |
|a Stiftung Gedenkstätte Berlin-Hohenschönhausen.
|2 fast
|0 (OCoLC)fst01688089
|
| 610 |
2 |
7 |
|a Stiftung zur Aufarbeitung der SED-Diktatur (Germany)
|2 fast
|0 (OCoLC)fst01582352
|
| 650 |
|
7 |
|a Historiography.
|2 fast
|0 (OCoLC)fst00958221
|
| 650 |
|
7 |
|a Historiography
|x Political aspects.
|2 fast
|0 (OCoLC)fst00958228
|
| 651 |
|
7 |
|a Germany.
|2 fast
|0 (OCoLC)fst01210272
|
| 651 |
|
7 |
|a Germany (East)
|2 fast
|0 (OCoLC)fst01210274
|
| 655 |
|
7 |
|a Electronic books.
|2 local
|
| 710 |
2 |
|
|a EBSCOhost
|
| 776 |
1 |
8 |
|i Print version:
|a Jones, Sara, 1980-
|t Towards a collaborative memory
|d New York : Berghahn Books, [2022]
|z 9781800735958
|w (DLC) 2022016541
|
| 830 |
|
0 |
|a Worlds of memory.
|
| 856 |
4 |
0 |
|u http://proxy.library.tamu.edu/login?url=https://search.ebscohost.com/login.aspx?direct=true&scope=site&db=nlebk&db=nlabk&AN=3116604
|z Connect to the full text of this electronic book
|t 0
|
| 945 |
|
|
|b 468874
|
| 955 |
|
|
|a YBP purchased EBSCO DDA e-records
|
| 980 |
|
|
|b ebook
|c 99991869980
|f NONFIC/S
|g 565702
|k USD
|m 124.96
|q 1
|s AcqMono Conventional
|t Demand driven acquisitions (DDA)
|u Vendor order reference number
|v ZYBP
|y PDA
|z Electronic resource
|
| 999 |
f |
f |
|i 7efafa25-7e25-4374-8d66-4502dc6c430a
|s 5245da78-4060-4389-a6e9-d3f21428bd0d
|t 0
|
| 952 |
f |
f |
|a Texas A&M University
|b College Station
|c Electronic Resources
|s www_evans
|d Available Online
|t 0
|e DD281.6 .J66 2022
|h Library of Congress classification
|